00363nam a2200145Ia 4500008004100000020001800041041000800059082001700067100003000084245002200114250000600136260004500142300001200187650001800199210716s2012 xx 000 0 und d a9780198065289 aeng a005.133 DEYP aDey, Pradip;Ghosh, Manas. aProgramming in c. a2 aNew DelhibOxford University Pressc2012 axii,547 aC Programming